| 000 | 03846nam a22005297a 4500 | ||
|---|---|---|---|
| 005 | 20110128111113.0 | ||
| 008 | 110128t xxu||||| |||| 00| 0 eng d | ||
| 010 | _aENG-101969 B-430582-583 B-442697-706 | ||
| 020 |
_a9780198069294 _c795.00 |
||
| 020 |
_a0198069294 _c795.00 |
||
| 035 | _aEN-85502 B-430582-583 B-442697-706 | ||
| 037 | _bDBAD/PUB | ||
| 037 | _bRBC/Ven | ||
| 040 |
_adpl _bEng |
||
| 082 | _a363.90954 | ||
| 100 | _925664 | ||
| 245 |
_aHandbook of population and development in India / _cedited by A.K. Shiva Kumar, Pradeep Panda [and] Rajani R. Ved |
||
| 260 |
_aNew Delhi _bOxford University Press _bInstitute for Human Development _c2010 |
||
| 270 |
_aYMCA Library Building, Jai Singh Road _bNew Delhi _e110001 |
||
| 300 |
_axv, 240 p. _c25cm (Hb) |
||
| 500 | _aContributed articles. | ||
| 500 | _aIncludes bibliographical references. | ||
| 650 | _925585 | ||
| 651 |
_9779 _aIndia _xPopulation _xSocial aspects. |
||
| 651 |
_925665 _aIndia _xPopulation _x Economic aspects. |
||
| 651 |
_925666 _aIndia _xPopulation policy. |
||
| 700 |
_925586 _aShiva Kumar, A. K. |
||
| 700 |
_aPanda, Pradeep. _925667 |
||
| 700 |
_aVed, Rajani R. _925668 |
||
| 710 |
_aInstitute for Human Development (New Delhi, India) _925669 |
||
| 942 |
_2ddc _cEN _h363.90954 _mHAN |
||
| 999 |
_c50162 _d50162 |
||